Statistics for Animals in German by Literal Translation

Click here to take the quiz!

General Stats

  • This quiz has been taken 36 times
  • The average score is 8 of 15

Answer Stats

German NameLiteral TranslationEnglish Name% Correct
Nashorn"Nose Horn"R{hinoceros}
90%
Flusspferd"River Horse"H{ippopotamus}
83%
Faultier"Lazy Animal"S{loth}
77%
Nacktschnecke"Naked Snail"S{lug}
73%
Meerschweinchen"Little Ocean Pig"G{uinea} {pig}
70%
Seehund"Sea Dog"S{eal}
70%
Stachelschwein"Sting Pig"P{orcupine}
53%
Schnabeltier"Beak Animal"P{latypus}
47%
Erdferkel"Ground Piglet"A{ardvark}
43%
Waschbär"Washing Bear"R{acoon}
43%
Rotkehlchen"Little Red Throat"R{obin}
40%
Gürteltier"Belt Animal"A{rmadillo}
37%
Zaunkönig"Fence King"W{ren}
37%
Erdmännchen"Little Ground Man"M{eerkat}
23%
Siebenschläfer"Seven Sleeper"D{ormouse}
13%

Score Distribution

Percentile by Number Answered

Percent of People with Each Score

Your Score History

You have not taken this quiz